Dental Anatomy, Physiology, and Occlusion / (Record no. 16902)
[ view plain ]
| 000 -LEADER | |
|---|---|
| fixed length control field | 02392cam a22003974a 4500 |
| 001 - CONTROL NUMBER | |
| control field | 12934716 |
| 005 - DATE AND TIME OF LATEST TRANSACTION | |
| control field | 20030925182631.0 |
| 008 - FIXED-LENGTH DATA ELEMENTS--GENERAL INFORMATION | |
| fixed length control field | 020918s2003 paua b 001 0 eng |
| 020 ## - INTERNATIONAL STANDARD BOOK NUMBER | |
| International Standard Book Number | 0721693822 |
| 040 ## - CATALOGING SOURCE | |
| Original cataloging agency | DNLM/DLC |
| Transcribing agency | DLC |
| Modifying agency | DLC |
| 082 00 - DEWEY DECIMAL CLASSIFICATION NUMBER | |
| Classification number | 611.314 |
| Edition number | 21 |
| Item number | ASH |
| 100 1# - MAIN ENTRY--PERSONAL NAME | |
| Personal name | Ash, Major M., |
| Dates associated with a name | 1921- |
| 9 (RLIN) | 30717 |
| 245 10 - TITLE STATEMENT | |
| Title | Dental Anatomy, Physiology, and Occlusion / |
| Statement of responsibility, etc | Major M. Ash Jr., Stanley J. Nelson. |
| 246 3# - VARYING FORM OF TITLE | |
| Title proper/short title | Wheeler's dental anatomy, physiology, and occlusion |
| 250 ## - EDITION STATEMENT | |
| Edition statement | 8th ed. |
| 260 ## - PUBLICATION, DISTRIBUTION, ETC. (IMPRINT) | |
| Place of publication, distribution, etc | Philadelphia : |
| Name of publisher, distributor, etc | W.B. Saunders, |
| Date of publication, distribution, etc | c2003. |
| 300 ## - PHYSICAL DESCRIPTION | |
| Extent | xiv, 523 p., 16 p. of col. plates : |
| Other physical details | ill. ; |
| Dimensions | 27 cm. + |
| Accompanying material | 1 CD-ROM (4 3/4 in.) |
| 500 ## - GENERAL NOTE | |
| General note | Rev. ed. of: Wheeler's dental anatomy, physiology, and occlusion. 7th ed. c1993. |
| 504 ## - BIBLIOGRAPHY, ETC. NOTE | |
| Bibliography, etc | Includes bibliographical references and index. |
| 505 ## - FORMATTED CONTENTS NOTE | |
| Formatted contents note | Donation from Baccah |
| 538 ## - SYSTEM DETAILS NOTE | |
| System details note | Minimum system requirements: Windows 95 or higherl; Pentium II or faster processor (400 MHz or greater recommended); 64 MB RAM (128 MB recommended); 640 MB of hard disk space for paging/virtual memory; 24X or faster CD-ROM drive, 800 x 600 monitor resolution displaying 24-bit color/Millions of colors (32 bit/True Color recommended); Sound card and speakers; QuickTime v5.0 or greater or Macintosh. |
| 650 #0 - SUBJECT ADDED ENTRY--TOPICAL TERM | |
| Topical term or geographic name as entry element | Teeth. |
| 9 (RLIN) | 30718 |
| 650 #0 - SUBJECT ADDED ENTRY--TOPICAL TERM | |
| Topical term or geographic name as entry element | Occlusion (Dentistry) |
| 9 (RLIN) | 30719 |
| 650 12 - SUBJECT ADDED ENTRY--TOPICAL TERM | |
| Topical term or geographic name as entry element | Tooth |
| General subdivision | anatomy & histology. |
| 9 (RLIN) | 30720 |
| 650 22 - SUBJECT ADDED ENTRY--TOPICAL TERM | |
| Topical term or geographic name as entry element | Dental Occlusion. |
| 9 (RLIN) | 30721 |
| 650 22 - SUBJECT ADDED ENTRY--TOPICAL TERM | |
| Topical term or geographic name as entry element | Tooth |
| General subdivision | physiology. |
| 9 (RLIN) | 30722 |
| 653 ## - INDEX TERM--UNCONTROLLED | |
| Resource For college | |
| Arrived date list | July2012 |
| 700 1# - ADDED ENTRY--PERSONAL NAME | |
| Personal name | Nelson, Stanley J. |
| 9 (RLIN) | 30723 |
| 700 1# - ADDED ENTRY--PERSONAL NAME | |
| Personal name | Ash, Major M., |
| Dates associated with a name | 1921- . |
| Title of a work | Wheeler's dental anatomy, physiology, and occlusion. |
| 9 (RLIN) | 30724 |
| 942 ## - ADDED ENTRY ELEMENTS (KOHA) | |
| Source of classification or shelving scheme | Dewey Decimal Classification |
| Item type | |
| Withdrawn status | Item status | Source of classification or shelving scheme | Damaged status | Not for loan | Vendor | Home library | Current library | Shelving location | Date acquired | Source of acquisition | Cost, normal purchase price | Serial Enumeration / chronology | Total Checkouts | Total Renewals | Full call number | Barcode | Date last seen | Date last borrowed | Koha item type |
|---|---|---|---|---|---|---|---|---|---|---|---|---|---|---|---|---|---|---|---|
| Dewey Decimal Classification | Baccah | Central Library | Central Library | First floor | 17/07/2012 | Donation | 380.00 | 15478 | 6 | 7 | 611.314 ASH | 000027017 | 15/07/2025 | 01/11/2015 | Book - Borrowing | ||||
| Dewey Decimal Classification | Baccah | Central Library | Central Library | First floor | 17/07/2012 | Donation | 611.314 ASH | 000027803 | 24/08/2022 | CD | DVD - With book | |||||||||
| Dewey Decimal Classification | Baccah | Central Library | Central Library | First floor | 17/07/2012 | Donation | 380.00 | 15478 | 3 | 4 | 611.314 ASH | 000027019 | 15/07/2025 | 01/06/2016 | Book - Borrowing | ||||
| Dewey Decimal Classification | Baccah | Central Library | Central Library | First floor | 17/07/2012 | Donation | 15478 | 611.314 ASH | 000027804 | 24/08/2022 | CD | DVD - With book |